|
|
|
|
| LEADER |
01917nam a22003494a 4500 |
| 001 |
44989 |
| 003 |
BD-DhAAL |
| 005 |
20251027161901.0 |
| 008 |
251027t2001 nyu 000 0 eng |
| 010 |
|
|
|a 2001021699
|
| 020 |
|
|
|a 0198601972
|
| 020 |
|
|
|a 9780198601975
|
| 035 |
|
|
|a 12356681
|
| 040 |
|
|
|a DLC
|c DLC
|d DLC
|d BD-DhAAL
|
| 041 |
0 |
|
|a eng
|a jpn
|
| 042 |
|
|
|a pcc
|
| 050 |
0 |
0 |
|a PL679
|b .O946 2000
|
| 082 |
0 |
0 |
|a 495.6321
|2 21
|
| 245 |
0 |
4 |
|a The oxford starter Japanese dictionary /
|c edited by Jonathan Bunt with Gillian Hall.
|
| 260 |
|
|
|a New York :
|b Oxford University Press,
|c 2000.
|
| 300 |
|
|
|a xvi, 431 pages ;
|c 20 cm
|
| 526 |
|
|
|a CSE
|x Annajiat Alim Rasel
Senior Lecturer
Department of Computer Science and Engineering
BRAC University
Course Name and No. : Japanese Language and General for ITEE (JPN 101)
|
| 541 |
|
|
|a R K Corporation
|e 44989, 44990
|
| 650 |
|
0 |
|a Japanese language
|v Dictionaries
|x English.
|9 59323
|
| 650 |
|
0 |
|a English language
|v Dictionaries
|x Japanese.
|9 59694
|
| 655 |
|
7 |
|a Dictionaries.
|9 14176
|
| 700 |
1 |
|
|a Bunt, Jonathan.
|9 59695
|
| 700 |
1 |
|
|a Hall, Gillian.
|9 59696
|
| 942 |
|
|
|2 ddc
|c BK
|
| 999 |
|
|
|c 47557
|d 47557
|
| 952 |
|
|
|0 0
|1 0
|2 ddc
|4 0
|6 495_632100000000000_OXF
|7 0
|9 78401
|a BRACUL
|b BRACUL
|c NEW
|d 2025-10-26
|e R K Corporation
|g 6900.00
|l 0
|o 495.6321 OXF
|p 3010044989
|r 2025-10-26
|t 1
|v 13800.00
|w 2025-10-26
|y BK
|x Requisitioned by Annajiat Alim Rasel (Senior Lecturer, Department of Computer Science and Engineering, BRAC University) for the course named - 'Japanese Language and General for ITEE (JPN 101)'
|
| 952 |
|
|
|0 0
|1 0
|2 ddc
|4 0
|6 495_632100000000000_OXF
|7 1
|9 78402
|a BRACUL
|b BRACUL
|c REF
|d 2025-10-26
|e R K Corporation
|g 6900.00
|l 0
|o 495.6321 OXF
|p 3010044990
|r 2025-10-26
|t 2
|v 13800.00
|w 2025-10-26
|y BK
|x Requisitioned by Annajiat Alim Rasel (Senior Lecturer, Department of Computer Science and Engineering, BRAC University) for the course named - 'Japanese Language and General for ITEE (JPN 101)'
|